Polémica sobre el origen y la universalidad de la familia
Salvato in:
| Autori principali: | , , |
|---|---|
| Natura: | Libro |
| Lingua: | spagnolo |
| Pubblicazione: |
Barcelona
Anagrama
1984
|
| Edizione: | 4a. ed |
| Serie: | Cuadernos Anagrama. Serie: Sociología y Antropología
|
| Soggetti: | |
| Tags: |
Aggiungi Tag
Nessun Tag, puoi essere il primo ad aggiungerne!!
|
MARC
| LEADER | 00000nam a2200000 a 4500 | ||
|---|---|---|---|
| 001 | UCZ8478 | ||
| 003 | CL-VaPUC | ||
| 008 | 960121e19840000SP |||||||||||||||||spa|d | ||
| 082 | 0 | 4 | |a 306.8 |b LEV |2 21 |
| 100 | |a Lévi-Strauss, Claude |e author |9 265689 | ||
| 700 | 0 | |a Spiro, Melford E |e author |9 353790 | |
| 700 | 0 | |a Gough, Kathleen |e author |9 353791 | |
| 245 | 1 | 0 | |a Polémica sobre el origen y la universalidad de la familia |
| 250 | |a 4a. ed | ||
| 300 | |a 154 p | ||
| 942 | |c BK | ||
| 945 | |d 19960121 00:00:00 |a cmena | ||
| 260 | |a Barcelona |b Anagrama |c 1984 | ||
| 650 | 0 | |a Familias |9 255641 | |
| 650 | 0 | |a Sociología |9 255410 | |
| 650 | 7 | |a MATRIMONIO |2 CL-VaPUC |9 353792 | |
| 650 | 7 | |a UNIDADES FAMILIARES |2 CL-VaPUC |9 353793 | |
| 650 | 7 | |a ROLES DENTRO DE LA FAMILIA |2 CL-VaPUC |9 338181 | |
| 583 | |a last modification |c 19960121 00:00:00 |k Rodrigo Vera | ||
| 490 | 0 | |a Cuadernos Anagrama. Serie: Sociología y Antropología | |
| 999 | |c 244368 |d 244366 | ||
| 952 | |0 0 |1 0 |4 0 |6 306_800000000000000_LEV_1984 |7 0 |8 A |9 258408 |a BIBEDU |b BIBEDU |d 2019-11-19 |i 161679K |l 1 |o 306.8 LEV 1984 |p 161679K |r 2023-08-30 |s 2023-08-30 |w 2019-11-19 |y BK |k EDU | ||